Statistics for Countries Closest to an Unknown Country A-Z #4

Click here to take the quiz!

General Stats

  • This quiz has been taken 4,183 times
    (3,097 since last reset)
  • The average score is 20 of 25

Answer Stats

Country % Correct
QQatar
96%
YYemen
96%
OOman
95%
ZZambia
94%
IIndonesia
94%
VVietnam
93%
JJapan
93%
AAustralia
91%
LLaos
91%
TThailand
90%
MMalaysia
90%
CCambodia
90%
RRussia
89%
PPhilippines
85%
BBrunei
82%
NNepal
82%
{SINGAPORE}
81%
UUzbekistan
79%
EEast Timor
78%
SSri Lanka
75%
KKyrgyzstan
65%
HHungary
62%
DDjibouti
56%
GGeorgia
50%
FFS of Micronesia
44%

Score Distribution

Percentile by Number Answered

Percent of People with Each Score

Your Score History

You have not taken this quiz since the last reset